[Event "I Festival A"]
[Site "Forni di Sopra ITA"]
[Date "2011.06.14"]
[Round "3"]
[White "Sipos, Istvan"]
[Black "Pepino, Enrico"]
[WhiteElo "2423"]
[BlackElo "2209"]
[Result "1-0"]
[PlyCount "59"]
[EventDate "2011.06.12"]

1. c4 Nf6 2. Nf3 e6 3. g3 d5 4. Bg2 Be7 5. O-O O-O 6. d4 c6 7. Nbd2 Nbd7 8. Qc2
b6 9. e4 dxe4 10. Nxe4 Bb7 11. Rd1 Qc8 12. Nxf6+ Bxf6 13. c5 a5 14. Bf4 Ba6 15.
Rac1 b5 16. h4 Re8 17. Ng5 Bxg5 18. hxg5 b4 19. Bd6 Bb5 20. a4 bxa3 21. bxa3 a4
22. Qe4 Qa6 23. Bf3 Rac8 24. Kg2 Bc4 25. Rh1 Bd3 26. Qe3 Bg6 27. Be4 f5 28. Bd3
Qa5 29. Bc4 Nf8 30. f4 1-0

[Event "I Festival A"]
[Site "Forni di Sopra ITA"]
[Date "2011.06.14"]
[Round "3"]
[White "Stella, Andrea"]
[Black "Papp, Gabor"]
[WhiteElo "2398"]
[BlackElo "2553"]
[Result "0-1"]
[PlyCount "120"]
[EventDate "2011.06.12"]

1. Nf3 Nf6 2. c4 e6 3. Nc3 Bb4 4. Qc2 O-O 5. a3 Bxc3 6. Qxc3 b6 7. b3 Bb7 8.
Bb2 d6 9. e3 Nbd7 10. Be2 c5 11. O-O Qe7 12. d3 Rac8 13. b4 e5 14. bxc5 Nxc5
15. a4 Bc6 16. a5 b5 17. Qa3 bxc4 18. d4 Bxf3 19. gxf3 Ncd7 20. dxe5 Nxe5 21.
Rad1 Rfd8 22. Rd4 Qb7 23. e4 d5 24. Rfd1 Nc6 25. R4d2 dxe4 26. Rxd8+ Rxd8 27.
Rxd8+ Nxd8 28. Qd6 Ne6 29. Bxf6 exf3 30. Bxc4 gxf6 31. h4 Qb1+ 32. Kh2 Qg6 33.
Qg3 Nd4 34. h5 Qg5 35. Kh3 Kg7 36. Bd5 Kh6 37. Bxf7 Ne2 38. Qg4 f5 39. Qxg5+
Kxg5 40. Kh2 h6 41. Bd5 Kg4 42. Bc6 Nf4 43. Bd7 Nxh5 44. Bb5 Nf4 45. Kg1 h5 46.
Bc6 h4 47. a6 Ne2+ 48. Kh2 Nc3 49. Bd7 Ne4 50. Kg1 h3 51. Bc6 Kf4 52. Bb7 h2+
53. Kxh2 Nxf2 54. Bc6 Ke3 55. Bb5 f4 56. Kg1 Ne4 57. Bf1 f2+ 58. Kh1 Nd2 59.
Kg2 f3+ 60. Kh1 Kf4 0-1

[Event "I Festival A"]
[Site "Forni di Sopra ITA"]
[Date "2011.06.14"]
[Round "3"]
[White "Stopa, Jacek"]
[Black "Leon Hoyos, Manuel"]
[WhiteElo "2460"]
[BlackElo "2563"]
[Result "1/2-1/2"]
[PlyCount "35"]
[EventDate "2011.06.12"]

1. e4 c5 2. Nf3 Nc6 3. d4 cxd4 4. Nxd4 g6 5. c4 Nf6 6. Nc3 d6 7. Be2 Nxd4 8.
Qxd4 Bg7 9. Be3 O-O 10. Qd2 a5 11. O-O a4 12. Rab1 Qa5 13. b4 axb3 14. axb3 Qb4
15. Qc2 Be6 16. Bd2 Qb6 17. Be3 Qb4 18. Bd2 1/2-1/2

[Event "I Festival A"]
[Site "Forni di Sopra ITA"]
[Date "2011.06.14"]
[Round "4"]
[White "Arnaudov, G. Petar"]
[Black "Sipos, Istvan"]
[WhiteElo "2449"]
[BlackElo "2423"]
[Result "0-1"]
[PlyCount "92"]
[EventDate "2011.06.12"]

1. Nf3 Nf6 2. c4 g6 3. Nc3 Bg7 4. e4 d6 5. d4 O-O 6. h3 e5 7. d5 Nh5 8. Nh2 Qe8
9. Be2 Nf4 10. Bf3 f5 11. g3 Nxh3 12. Bg2 Qf7 13. Qf3 fxe4 14. Qxf7+ Rxf7 15.
Nxe4 Bf5 16. Be3 Na6 17. Nf1 Nf4 18. gxf4 exf4 19. Bd2 Re8 20. f3 Nc5 21. Kd1
Nxe4 22. fxe4 Bxe4 23. Bxe4 Rxe4 24. Rc1 g5 25. Rg1 h6 26. b3 Bd4 27. Rg4 Rg7
28. Kc2 h5 29. Kd3 Ree7 30. Rg2 Be5 31. Bc3 g4 32. Bxe5 Rxe5 33. Nd2 h4 34.
Rcg1 g3 35. Rh1 Re3+ 36. Kd4 Rg4 37. Ne4 f3 38. Kxe3 fxg2 39. Rg1 Rxe4+ 40.
Kxe4 h3 41. Kf3 h2 42. Kxg2 hxg1=Q+ 43. Kxg1 Kg7 44. Kg2 Kf6 45. Kxg3 Ke5 46.
Kg4 b5 0-1

[Event "I Festival A"]
[Site "Forni di Sopra ITA"]
[Date "2011.06.14"]
[Round "4"]
[White "Barletta, Mauro"]
[Black "Okhotnik, Vladimir"]
[WhiteElo "2265"]
[BlackElo "2486"]
[Result "0-1"]
[PlyCount "70"]
[EventDate "2011.06.12"]

1. d4 d5 2. Nc3 Nf6 3. Bg5 c6 4. e3 Nbd7 5. f4 Qa5 6. Bd3 c5 7. dxc5 e6 8. a3
Qxc5 9. Qe2 a6 10. Nf3 b5 11. O-O Bb7 12. Kh1 Ne4 13. Bxe4 dxe4 14. Nd2 f5 15.
Nb3 Qc7 16. Nd4 Kf7 17. Rad1 Nb6 18. g4 g6 19. gxf5 exf5 20. Nxf5 gxf5 21. Qh5+
Ke6 22. Ne2 Bg7 23. Nd4+ Bxd4 24. Qh6+ Kd7 25. Rxd4+ Bd5 26. Qg7+ Kc6 27. Qf6+
Kb7 28. Qxf5 Raf8 29. Qh3 h6 30. Bh4 Qxc2 31. Rfd1 Qxb2 32. Be1 Qe2 33. Ba5 Be6
34. Rd7+ Nxd7 35. Rxd7+ Ka8 0-1

[Event "I Festival A"]
[Site "Forni di Sopra ITA"]
[Date "2011.06.14"]
[Round "4"]
[White "Jaracz, Pawel"]
[Black "Codenotti, Marco"]
[WhiteElo "2575"]
[BlackElo "2284"]
[Result "1-0"]
[PlyCount "41"]
[EventDate "2011.06.12"]

1. Nf3 g6 2. d4 Nf6 3. Nbd2 d5 4. e3 c5 5. dxc5 Qa5 6. a3 Qxc5 7. c4 dxc4 8.
Bxc4 b5 9. Be2 Bg7 10. Nd4 Bd7 11. N2b3 Qb6 12. Bd2 a5 13. Rc1 e5 14. Nf3 Ne4
15. Qc2 Nxd2 16. Nfxd2 Na6 17. Bf3 Rc8 18. Qxc8+ Bxc8 19. Rxc8+ Kd7 20. Rc6 Qa7
21. Rxa6 1-0

[Event "I Festival A"]
[Site "Forni di Sopra ITA"]
[Date "2011.06.14"]
[Round "4"]
[White "Leon Hoyos, Manuel"]
[Black "Gaponenko, Inna"]
[WhiteElo "2563"]
[BlackElo "2455"]
[Result "1-0"]
[PlyCount "77"]
[EventDate "2011.06.12"]

1. c4 c5 2. g3 Nc6 3. Bg2 g6 4. Nc3 Bg7 5. a3 Nf6 6. Rb1 a5 7. Nf3 e5 8. O-O d6
9. Ne1 Be6 10. Nd5 O-O 11. d3 Bxd5 12. cxd5 Ne7 13. e4 Nd7 14. f4 exf4 15. gxf4
f5 16. Nf3 h6 17. Re1 Kh7 18. a4 Rc8 19. b3 b5 20. axb5 Rb8 21. Rf1 Rxb5 22.
Nd2 Nb6 23. Ba3 fxe4 24. dxe4 a4 25. bxa4 Rxb1 26. Qxb1 Nxa4 27. Nc4 Nc3 28.
Qd3 Nb5 29. Bc1 Nd4 30. Bd2 Qc7 31. Ba5 Qd7 32. Bh3 Qa4 33. Bc7 Qa6 34. Bxd6
Re8 35. Bxc5 Nxd5 36. exd5 Ne2+ 37. Kh1 Qb5 38. Ne5 Qxc5 39. Qxg6+ 1-0

[Event "I Festival A"]
[Site "Forni di Sopra ITA"]
[Date "2011.06.14"]
[Round "4"]
[White "Makropoulou, Marina"]
[Black "Petkov, Vladimir"]
[WhiteElo "2282"]
[BlackElo "2517"]
[Result "0-1"]
[PlyCount "106"]
[EventDate "2011.06.12"]

1. e4 e5 2. Nf3 Nc6 3. Nc3 Nf6 4. Bb5 Bd6 5. O-O O-O 6. Re1 Re8 7. d3 h6 8. h3
a6 9. Bc4 Na5 10. a3 Nxc4 11. dxc4 Bf8 12. Be3 d6 13. Qd3 Be6 14. Rad1 c6 15.
a4 Qa5 16. b3 Rad8 17. Qd2 Qc7 18. a5 Qb8 19. Bb6 Rd7 20. Nd5 cxd5 21. cxd5
Bxh3 22. gxh3 Be7 23. Kh2 Bd8 24. Nh4 Bxb6 25. axb6 Kh7 26. Nf5 Ng8 27. Rg1 g6
28. Ne3 Qd8 29. Nc4 Nf6 30. f3 Nh5 31. Qf2 Rf8 32. Rd2 Nf4 33. Qg3 f5 34. Rdd1
Rg7 35. Rde1 fxe4 36. fxe4 Rf6 37. Re3 Rgf7 38. Qe1 Qc8 39. Reg3 Qc5 40. Qe3
Qc8 41. Rg4 Qd7 42. Rh4 h5 43. Kh1 Rg7 44. Rg5 Kh6 45. Rxe5 g5 46. Rf5 Rxf5 47.
exf5 Qxf5 48. Rxf4 gxf4 49. Qe6+ Qxe6 50. dxe6 f3 51. e7 Rxe7 52. Kg1 d5 53.
Nd2 Re1+ 0-1

[Event "I Festival A"]
[Site "Forni di Sopra ITA"]
[Date "2011.06.14"]
[Round "4"]
[White "Naumkin, Igor"]
[Black "Di Paolo, Raffaele"]
[WhiteElo "2506"]
[BlackElo "2312"]
[Result "1-0"]
[PlyCount "109"]
[EventDate "2011.06.12"]

1. d4 e6 2. c4 d5 3. Nf3 Nf6 4. Nc3 Be7 5. Bg5 O-O 6. e3 h6 7. Bh4 Ne4 8. Bxe7
Qxe7 9. Rc1 c6 10. Bd3 Nxc3 11. Rxc3 Nd7 12. O-O dxc4 13. Bxc4 b6 14. Bd3 c5
15. Be4 Rb8 16. Qc2 Nf6 17. dxc5 Nxe4 18. Qxe4 bxc5 19. b3 Rd8 20. Qe5 Ba6 21.
Rfc1 Rbc8 22. h3 Rd5 23. Qf4 Rcd8 24. e4 Rd1+ 25. Rxd1 Rxd1+ 26. Kh2 f6 27. Nh4
g5 28. Qg3 Bb7 29. Ng6 Qd6 30. e5 fxe5 31. Nxe5 Rd5 32. Ng4 Qxg3+ 33. Kxg3 Kg7
34. Ne3 Rd7 35. Rxc5 Be4 36. f3 Bg6 37. h4 gxh4+ 38. Kxh4 Rb7 39. Kg3 Bb1 40.
Ra5 Kg6 41. Nc4 Rc7 42. Kf4 Kf6 43. g4 Rd7 44. Ke3 Rd3+ 45. Ke2 Rc3 46. Nd2
Bd3+ 47. Ke3 Bg6+ 48. Kf4 Rd3 49. Ne4+ Bxe4 50. Kxe4 Rd7 51. b4 Rc7 52. b5 Rc4+
53. Kd3 Rc7 54. a4 Ke7 55. Ra6 1-0

[Event "I Festival A"]
[Site "Forni di Sopra ITA"]
[Date "2011.06.14"]
[Round "4"]
[White "Stamenkovic, Dragan"]
[Black "Korneev, Oleg"]
[WhiteElo "2383"]
[BlackElo "2573"]
[Result "1/2-1/2"]
[PlyCount "120"]
[EventDate "2011.06.12"]

1. d4 d5 2. c4 e6 3. Nc3 c6 4. Nf3 Nf6 5. cxd5 exd5 6. Bg5 Be7 7. Qc2 g6 8. e3
Bf5 9. Bd3 Bxd3 10. Qxd3 O-O 11. O-O Nbd7 12. Rab1 a5 13. Qc2 Re8 14. a3 Ne4
15. Bxe7 Qxe7 16. b4 Nd6 17. Qb3 axb4 18. Qxb4 Ra7 19. Nd2 b5 20. Rfc1 Kf8 21.
a4 bxa4 22. Nxa4 Rb8 23. Qa3 Rxb1 24. Rxb1 Nb5 25. Qxe7+ Kxe7 26. Rb4 Kd6 27.
h3 f5 28. Nb3 g5 29. Nbc5 Nxc5 30. Nxc5 f4 31. Na4 h5 32. g4 hxg4 33. hxg4 Re7
34. Rb3 fxe3 35. fxe3 Re4 36. Nc5 Rxg4+ 37. Kf2 Rh4 38. Kg2 Nxd4 39. exd4 Rxd4
40. Nb7+ Ke5 41. Nd8 Rd2+ 42. Kf3 c5 43. Re3+ Kf5 44. Nf7 c4 45. Nh6+ Kg6 46.
Ng4 Kh5 47. Rc3 Rd4 48. Nf6+ Kh4 49. Kg2 Rd2+ 50. Kg1 Rd1+ 51. Kg2 Rd2+ 52. Kg1
g4 53. Nxd5 Rxd5 54. Rxc4 Kh3 55. Rc3+ g3 56. Rc1 Rd2 57. Rb1 Rg2+ 58. Kh1 Ra2
59. Kg1 Rh2 60. Ra1 Rg2+ 1/2-1/2

[Event "I Festival A"]
[Site "Forni di Sopra ITA"]
[Date "2011.06.14"]
[Round "4"]
[White "Vojta, Tomas"]
[Black "Antoniewski, Rafal"]
[WhiteElo "2360"]
[BlackElo "2598"]
[Result "0-1"]
[PlyCount "148"]
[EventDate "2011.06.12"]

1. e4 c6 2. d4 d5 3. e5 Bf5 4. Nc3 Qb6 5. g4 Bd7 6. h3 e6 7. Nce2 c5 8. c3 Nc6
9. Nf3 h5 10. Rg1 hxg4 11. hxg4 cxd4 12. cxd4 f6 13. exf6 Nxf6 14. Nc3 Ne4 15.
Bd3 Bb4 16. Kf1 Bxc3 17. bxc3 O-O 18. Rh1 Rf6 19. Bxe4 dxe4 20. Ng5 Qb5+ 21.
Qe2 Qxe2+ 22. Kxe2 e5 23. Nxe4 Bxg4+ 24. Ke1 Rg6 25. d5 Bf3 26. Rh4 Ne7 27. Ng5
Bxd5 28. c4 Nf5 29. Rg4 Bf3 30. Rg1 Nd4 31. Rb1 Rd8 32. Be3 Nc2+ 33. Kf1 Nxe3+
34. fxe3 Bc6 35. Ke2 Rh6 36. Nf3 Be4 37. Rbd1 Rf8 38. Nxe5 Rh2+ 39. Ke1 Rxa2
40. Rg4 Bg2 41. Rf4 Re8 42. Ng4 Bh3 43. Rd3 Rf8 44. Ne5 Ra6 45. Kd2 g5 46.
Rxf8+ Kxf8 47. e4 Be6 48. Ke3 Ke7 49. Rb3 Kf6 50. Nf3 b6 51. Rc3 Ra5 52. e5+
Kg6 53. Kd4 Ra4 54. Nd2 g4 55. Rc1 b5 56. Kc5 bxc4 57. Kd6 Ra6+ 58. Kc5 Kf5 59.
Kd4 g3 60. Rc3 g2 61. Rg3 c3 62. Rxg2 cxd2 63. Rf2+ Kg4 64. Rxd2 Rc6 65. Ke4
Rb6 66. Rd6 Rb4+ 67. Rd4 a5 68. Kd3+ Kf5 69. Kc3 Rb3+ 70. Kc2 Rb5 71. Kc3 Kxe5
72. Rd2 Rb3+ 73. Kc2 a4 74. Kc1 a3 0-1

[Event "I Festival A"]
[Site "Forni di Sopra ITA"]
[Date "2011.06.15"]
[Round "5"]
[White "Andersen, Alf R."]
[Black "Arnaudov, G. Petar"]
[WhiteElo "2218"]
[BlackElo "2449"]
[Result "1/2-1/2"]
[PlyCount "88"]
[EventDate "2011.06.12"]

1. e4 e5 2. f4 exf4 3. Nf3 Ne7 4. c4 Ng6 5. Be2 Nc6 6. d4 d6 7. O-O Bg4 8. Nc3
Be7 9. Ne1 Bxe2 10. Nxe2 Bf6 11. Nf3 O-O 12. Nxf4 Nxf4 13. Bxf4 Re8 14. Re1 g5
15. Nxg5 Bxg5 16. Qg4 h6 17. h4 Qf6 18. hxg5 Qxd4+ 19. Kh1 h5 20. Qxh5 Re6 21.
b3 Kg7 22. Rad1 Qc5 23. Be3 Qe5 24. Rd5 Qxe4 25. Bd4+ Qxd4 26. Rxe6 Qa1+ 27.
Rd1 Qxd1+ 28. Qxd1 fxe6 29. Qg4 Re8 30. Kg1 a5 31. Qh3 Ne5 32. Qh6+ Kg8 33. Qf6
b6 34. g6 a4 35. bxa4 Ra8 36. g7 Nf7 37. g4 Ra5 38. Qxe6 Kxg7 39. Kg2 Re5 40.
Qd7 Rc5 41. Qe6 Re5 42. Qd7 Rc5 43. Qe6 Ne5 44. Qe7+ Nf7 1/2-1/2

[Event "I Festival A"]
[Site "Forni di Sopra ITA"]
[Date "2011.06.15"]
[Round "5"]
[White "Banusz, Tamas"]
[Black "Leon Hoyos, Manuel"]
[WhiteElo "2555"]
[BlackElo "2563"]
[Result "1/2-1/2"]
[PlyCount "63"]
[EventDate "2011.06.12"]

1. Nf3 c5 2. c4 g6 3. d4 cxd4 4. Nxd4 Nc6 5. e4 Nf6 6. Nc3 d6 7. Be2 Nxd4 8.
Qxd4 Bg7 9. Be3 O-O 10. Qd2 a5 11. Rd1 Be6 12. O-O a4 13. f4 Qa5 14. Bd4 Rfe8
15. Qd3 Bd7 16. h3 Bc6 17. Qe3 Nd7 18. Nd5 Bxd4 19. Qxd4 Rad8 20. Qf2 Qc5 21.
Qxc5 Nxc5 22. e5 dxe5 23. Nxe7+ Kg7 24. Nxc6 bxc6 25. Rxd8 Rxd8 26. fxe5 Rd2
27. Bf3 Rxb2 28. Bxc6 Rxa2 29. Bd5 Ne6 30. Bxe6 fxe6 31. Rf6 Rc2 32. Rxe6
1/2-1/2

[Event "I Festival A"]
[Site "Forni di Sopra ITA"]
[Date "2011.06.15"]
[Round "5"]
[White "Bernardi, Ruben"]
[Black "Klinova, Masha"]
[WhiteElo "2162"]
[BlackElo "2315"]
[Result "0-1"]
[PlyCount "94"]
[EventDate "2011.06.12"]

1. e4 d6 2. d4 Nf6 3. Nc3 g6 4. Nge2 Bg7 5. g3 O-O 6. Bg2 e5 7. O-O Nc6 8. dxe5
dxe5 9. Bg5 Qxd1 10. Rfxd1 h6 11. Bxf6 Bxf6 12. Nd5 Bd8 13. Rd2 Be6 14. Rad1
Na5 15. b3 c6 16. Nb4 Be7 17. Nd3 f6 18. h3 Rad8 19. f4 exf4 20. gxf4 g5 21. f5
Bc8 22. Nb2 Rxd2 23. Rxd2 b6 24. Nd1 Rd8 25. Rxd8+ Bxd8 26. Kf2 Bc7 27. Ne3 Kf7
28. b4 Nb7 29. c3 a5 30. a3 Nd6 31. Nd4 c5 32. bxc5 bxc5 33. Nb3 Nb5 34. Nd5
Be5 35. Nxa5 Nxc3 36. Nb6 Ba6 37. Nc6 Bd6 38. Bf3 c4 39. Nd5 Nxd5 40. exd5 Bxa3
41. Ke1 c3 42. Be4 Bc4 43. Nd4 Bc5 44. Ne2 Bb4 45. Kf2 Ke7 46. Kf3 Kd6 47. Bc2
Kxd5 0-1

[Event "I Festival A"]
[Site "Forni di Sopra ITA"]
[Date "2011.06.15"]
[Round "5"]
[White "Borgo, Giulio"]
[Black "Jaracz, Pawel"]
[WhiteElo "2399"]
[BlackElo "2575"]
[Result "0-1"]
[PlyCount "70"]
[EventDate "2011.06.12"]

1. e4 c6 2. d4 d5 3. exd5 cxd5 4. Bd3 Nc6 5. c3 Nf6 6. h3 g6 7. Bf4 Bf5 8. Bxf5
gxf5 9. Qd3 e6 10. Nd2 Rg8 11. Ne2 Bd6 12. g3 Qc7 13. O-O-O O-O-O 14. Kb1 Kb8
15. Qe3 Rc8 16. Nb3 Ka8 17. Rhf1 h5 18. Bxd6 Qxd6 19. f3 Nd7 20. g4 hxg4 21.
fxg4 Ne7 22. Rf3 Nf6 23. Nc5 b6 24. Nd3 Ne4 25. Nf2 Qd7 26. gxf5 Nxf5 27. Qf4
Qb5 28. Nxe4 Qxe2 29. Nf2 Rg2 30. Rd2 Rg1+ 31. Kc2 Nxd4+ 32. Qxd4 Qxf3 33. Nd3
Rg2 34. Rxg2 Qxg2+ 35. Kb3 Qe4 0-1

[Event "I Festival A"]
[Site "Forni di Sopra ITA"]
[Date "2011.06.15"]
[Round "5"]
[White "Boscolo, Federico"]
[Black "Pastir, Stanislav"]
[WhiteElo "2233"]
[BlackElo "2059"]
[Result "0-1"]
[PlyCount "82"]
[EventDate "2011.06.12"]

1. e4 c5 2. c3 e6 3. Nf3 d5 4. exd5 exd5 5. d4 Nf6 6. Bg5 Be6 7. Bb5+ Nbd7 8.
O-O a6 9. Ba4 b5 10. Bc2 Bd6 11. dxc5 Bxc5 12. Nbd2 O-O 13. Nb3 Bd6 14. Nbd4
Re8 15. Bh4 h6 16. Nf5 Bxf5 17. Bxf5 g5 18. Bg3 Bxg3 19. fxg3 Qb6+ 20. Nd4 Ne5
21. h4 Ne4 22. hxg5 Nxg3 23. Rf2 hxg5 24. Bh3 Rad8 25. Kh2 Qh6 26. Nf5 Nxf5 27.
Rxf5 g4 28. Rxe5 g3+ 29. Kxg3 Rxe5 30. Kh2 Qf4+ 31. Kh1 Rde8 32. Qg4+ Qxg4 33.
Bxg4 Re1+ 34. Rxe1 Rxe1+ 35. Kh2 a5 36. Bf3 Rb1 37. b3 Rb2 38. Bxd5 Rxa2 39. c4
Rd2 40. Bc6 bxc4 41. bxc4 Ra2 0-1

[Event "I Festival A"]
[Site "Forni di Sopra ITA"]
[Date "2011.06.15"]
[Round "5"]
[White "Ceschia, Ivano"]
[Black "Piscopo, Pierluigi"]
[WhiteElo "2257"]
[BlackElo "2417"]
[Result "1-0"]
[PlyCount "107"]
[EventDate "2011.06.12"]

1. e4 e5 2. Nf3 d6 3. d4 exd4 4. Nxd4 Nf6 5. Nc3 Be7 6. Qf3 O-O 7. Nf5 Bxf5 8.
Qxf5 Nc6 9. Be3 Ne5 10. Be2 b5 11. Rd1 g6 12. Qh3 b4 13. Nd5 Nxe4 14. f4 Nd7
15. Bf3 Ndc5 16. O-O Bh4 17. f5 Ng5 18. Bxg5 Bxg5 19. f6 Rb8 20. Ne7+ Kh8 21.
Nc6 Qd7 22. Nxb8 Qxh3 23. gxh3 Rxb8 24. Bd5 Nd7 25. Bxf7 Nxf6 26. Bc4 Nd7 27.
Kg2 Ne5 28. Bb3 Kg7 29. Rd5 Bf6 30. Ra5 Rb7 31. Ra6 c6 32. a3 bxa3 33. Rxa3 Bd8
34. Ra4 Bb6 35. h4 Re7 36. Re4 Bd8 37. Rd1 d5 38. Re2 Bb6 39. Ba4 Bc5 40. c3
Bd6 41. b4 Rb7 42. Bxc6 Nxc6 43. Re6 Ne5 44. Rxd6 Nc4 45. Re6 a5 46. bxa5 Rb2+
47. Kg3 Kf7 48. Ra6 Ne3 49. Rd3 Nf5+ 50. Kf4 Rf2+ 51. Ke5 Ne7 52. Ra7 Rf6 53.
Rxd5 Rf5+ 54. Ke4 1-0

[Event "I Festival A"]
[Site "Forni di Sopra ITA"]
[Date "2011.06.15"]
[Round "5"]
[White "Collutiis, Duilio"]
[Black "Papp, Gabor"]
[WhiteElo "2472"]
[BlackElo "2553"]
[Result "1/2-1/2"]
[PlyCount "156"]
[EventDate "2011.06.12"]

1. e4 c5 2. c3 d5 3. exd5 Qxd5 4. d4 Nf6 5. Nf3 e6 6. Na3 Qd8 7. Bf4 cxd4 8.
Nxd4 a6 9. Qb3 Nbd7 10. Nc4 Nc5 11. Qb6 Nd5 12. Nd6+ Bxd6 13. Qxd6 Nxf4 14.
Qxc5 Qd5 15. Qxd5 Nxd5 16. O-O-O Bd7 17. Nf5 Kf8 18. Nd4 Ke7 19. Be2 e5 20. Nb3
Bc6 21. Bf3 Rhd8 22. Na5 Rac8 23. Rhe1 f6 24. Rd2 Nf4 25. Nxc6+ bxc6 26. Red1
Rxd2 27. Rxd2 f5 28. g3 Ne6 29. Be2 a5 30. Bd3 e4 31. Bc2 h5 32. f3 exf3 33.
Rf2 g5 34. Rxf3 f4 35. gxf4 Nxf4 36. Re3+ Kd6 37. Re4 h4 38. Kd2 Rf8 39. Bd1
Nd5 40. Bg4 Rf1 41. Re6+ Kc7 42. Re5 Rb1 43. Kc2 Rg1 44. h3 a4 45. Rxg5 Rg2+
46. Kc1 Nf4 47. Rg7+ Kb6 48. Rd7 Rg3 49. a3 Nxh3 50. Bxh3 Rxh3 51. Rd4 Ka5 52.
b4+ Kb6 53. Kc2 Rh1 54. Rg4 Rh3 55. Rf4 Kc7 56. Rd4 Kc8 57. Kb2 Rh2+ 58. Kb1
Kc7 59. Ka1 Rh1+ 60. Kb2 Rh2+ 61. Ka1 Kb6 62. c4 Rh1+ 63. Ka2 Rh2+ 64. Ka1 Kc7
65. Kb1 Rh3 66. Ka2 Rh2+ 67. Ka1 c5 68. Re4 Rh1+ 69. Ka2 Rh2+ 70. Ka1 Kd6 71.
Kb1 cxb4 72. axb4 h3 73. Re3 Kd7 74. Ka1 Kd6 75. Kb1 Kd7 76. Ka1 Kc7 77. Rd3
Kc6 78. Kb1 Kc7 1/2-1/2

[Event "I Festival A"]
[Site "Forni di Sopra ITA"]
[Date "2011.06.15"]
[Round "5"]
[White "Di Paolo, Raffaele"]
[Black "Brunello, Marina"]
[WhiteElo "2312"]
[BlackElo "2177"]
[Result "0-1"]
[PlyCount "130"]
[EventDate "2011.06.12"]

1. e4 c5 2. Nf3 d6 3. d4 cxd4 4. Nxd4 Nf6 5. Nc3 a6 6. Bc4 e6 7. Bb3 b5 8. O-O
Be7 9. f4 Bb7 10. Be3 O-O 11. e5 dxe5 12. fxe5 Nd5 13. Bxd5 Bxd5 14. Nxd5 Qxd5
15. Nf5 Qd8 16. Nxe7+ Qxe7 17. a4 Nc6 18. axb5 axb5 19. Qd6 Qb7 20. Rxa8 Rxa8
21. Rd1 h6 22. Qc5 Ne7 23. Qb6 Qxb6 24. Bxb6 Nd5 25. Bc5 Rc8 26. b4 Nc3 27. Rd7
Ne4 28. Rd3 Rc7 29. Rd8+ Kh7 30. Bd6 Rxc2 31. h4 h5 32. Rb8 Nc3 33. Kh2 Rd2 34.
Rc8 Ne4 35. Rb8 Rd5 36. Kg1 Kg6 37. Rb7 Ng3 38. Bc5 Ne2+ 39. Kh2 Nc3 40. Bd6
Ne2 41. Bc5 Rxe5 42. Rxb5 Rd5 43. Ra5 Nc3 44. Bf8 Nb5 45. Bc5 Nd6 46. Ra6 Ne4
47. Bf8 Rb5 48. Rc6 Rb8 49. Be7 Rb7 50. Bf8 Rb8 51. Be7 Kf5 52. Rc7 f6 53. Kg1
e5 54. Kf1 Ke6 55. Bc5 g6 56. Ke2 Rb5 57. Kd3 Nxc5+ 58. bxc5 Kd5 59. Rg7 Rb3+
60. Ke2 Rg3 61. Kf2 Rg4 62. Rc7 Rxh4 63. c6 Rf4+ 64. Kg1 h4 65. Rc8 g5 0-1

[Event "I Festival A"]
[Site "Forni di Sopra ITA"]
[Date "2011.06.15"]
[Round "5"]
[White "Gaponenko, Inna"]
[Black "Stamenkovic, Dragan"]
[WhiteElo "2455"]
[BlackElo "2383"]
[Result "1-0"]
[PlyCount "69"]
[EventDate "2011.06.12"]

1. e4 c5 2. Nf3 d6 3. d4 cxd4 4. Nxd4 Nf6 5. Nc3 g6 6. Be3 Bg7 7. f3 a6 8. Qd2
Nbd7 9. g4 b5 10. g5 Nh5 11. a4 bxa4 12. Rxa4 Bb7 13. Be2 O-O 14. Nb3 Qc7 15.
Rc4 Qb8 16. Na5 Bc8 17. Nd5 Qxb2 18. O-O e6 19. Ne7+ Kh8 20. Qxd6 Ne5 21. Rc7
Bd7 22. Nb3 Bb5 23. Bxb5 Rad8 24. Qxa6 f5 25. gxf6 Rxf6 26. f4 Ng4 27. Bc1 Qb1
28. Rc8 Rxc8 29. Qxc8+ Rf8 30. Qc4 Qa2 31. Nc6 e5 32. Qe2 exf4 33. Qxg4 Qxc2
34. Qf3 Rc8 35. e5 1-0

[Event "I Festival A"]
[Site "Forni di Sopra ITA"]
[Date "2011.06.15"]
[Round "5"]
[White "Gutierrez Castillo, Paloma"]
[Black "Tonon, Alessandro"]
[WhiteElo "2090"]
[BlackElo "2242"]
[Result "1/2-1/2"]
[PlyCount "101"]
[EventDate "2011.06.12"]

1. e4 c5 2. Nf3 e6 3. g3 Nc6 4. Bg2 d6 5. O-O Bd7 6. c3 Nf6 7. Re1 Be7 8. d4
cxd4 9. cxd4 d5 10. exd5 Nxd5 11. Nc3 O-O 12. Nxd5 exd5 13. Qb3 Be6 14. Bf4 Qb6
15. Qxb6 axb6 16. a3 Ra4 17. Rad1 b5 18. Bf1 b4 19. Bb5 Raa8 20. a4 Bg4 21. Kg2
Bf6 22. Bxc6 bxc6 23. b3 Rfe8 24. Rxe8+ Rxe8 25. h3 Bf5 26. Rc1 Be4 27. Be3 Re6
28. g4 Bh4 29. a5 Bd8 30. a6 Bb6 31. Kg3 Bd3 32. Ne5 Bb5 33. Ra1 Re7 34. Nf3
Ra7 35. Bd2 Bc7+ 36. Kg2 Bd6 37. Ne5 Rxa6 38. Rxa6 Bxa6 39. Nxc6 Bb5 40. Nxb4
Bxb4 41. Bxb4 f6 42. Kf3 Bd3 43. Bc5 Kf7 44. Kf4 g5+ 45. Kg3 Bc2 46. b4 Ba4 47.
h4 h6 48. Bd6 Bd7 49. f3 Bb5 50. h5 Bc4 51. Kf2 1/2-1/2

[Event "I Festival A"]
[Site "Forni di Sopra ITA"]
[Date "2011.06.15"]
[Round "5"]
[White "Jaracz, Barbara"]
[Black "Schmitz, Andreas Arnold"]
[WhiteElo "2275"]
[BlackElo "2052"]
[Result "0-1"]
[PlyCount "70"]
[EventDate "2011.06.12"]

1. e4 e6 2. d4 d5 3. Nd2 Nf6 4. e5 Nfd7 5. c3 c5 6. Bd3 Nc6 7. Ne2 cxd4 8. cxd4
Qb6 9. Nf3 f6 10. exf6 Nxf6 11. O-O Bd6 12. Rb1 Nb4 13. Bf4 O-O 14. a3 Nxd3 15.
Qxd3 Bxf4 16. Nxf4 Ne4 17. Qe3 Bd7 18. Ne5 Bb5 19. Rfd1 Rf5 20. Nfd3 Bxd3 21.
Nxd3 Raf8 22. f3 Ng5 23. Nc5 Qc7 24. Re1 R8f6 25. Rf1 Qf4 26. Rbe1 Qh4 27. Qf2
Qh5 28. Qg3 Nxf3+ 29. Rxf3 Rxf3 30. Qc7 Qh4 31. Qd8+ Kf7 32. Qd7+ Kg6 33. gxf3
Qxe1+ 34. Kg2 Qe2+ 35. Kg1 Qd1+ 0-1

[Event "I Festival A"]
[Site "Forni di Sopra ITA"]
[Date "2011.06.15"]
[Round "5"]
[White "Korneev, Oleg"]
[Black "Calzetta Ruiz, Monica"]
[WhiteElo "2573"]
[BlackElo "2308"]
[Result "1-0"]
[PlyCount "85"]
[EventDate "2011.06.12"]

1. e4 c5 2. Nf3 Nc6 3. d4 cxd4 4. Nxd4 g6 5. c4 Nf6 6. Nc3 d6 7. Be2 Nxd4 8.
Qxd4 Bg7 9. Be3 O-O 10. Qd2 a5 11. Rd1 Bd7 12. b3 Bc6 13. f3 Nd7 14. O-O Nc5
15. Rb1 Qb6 16. Rfc1 Rfc8 17. Rc2 h5 18. Bf1 Kh7 19. Kh1 Qd8 20. a3 Qf8 21. b4
axb4 22. axb4 Na4 23. Nd5 e6 24. Nf4 Be5 25. Rb3 Qd8 26. Nh3 Kg8 27. Nf2 Nb6
28. Rc1 Ba4 29. Rbb1 Be8 30. f4 Bg7 31. e5 d5 32. c5 Nc4 33. Bxc4 dxc4 34. Ne4
Qxd2 35. Bxd2 Rd8 36. b5 Rd4 37. Re1 g5 38. Bc3 Rd3 39. fxg5 Ra3 40. c6 bxc6
41. b6 Rd8 42. Bb4 Rb3 43. Bd6 1-0

[Event "I Festival A"]
[Site "Forni di Sopra ITA"]
[Date "2011.06.15"]
[Round "5"]
[White "Petkov, Vladimir"]
[Black "Lazic, Miroljub"]
[WhiteElo "2517"]
[BlackElo "2471"]
[Result "1-0"]
[PlyCount "89"]
[EventDate "2011.06.12"]

1. d4 d5 2. c4 c6 3. Nf3 Nf6 4. Nc3 e6 5. g3 Nbd7 6. Qd3 Be7 7. Bg2 O-O 8. O-O
b6 9. e4 Ba6 10. b3 Rc8 11. Rd1 b5 12. cxd5 cxd5 13. e5 Ne8 14. Nxb5 Nc7 15. a4
Rb8 16. Qe3 Nxb5 17. axb5 Bxb5 18. Rxa7 Ra8 19. Rxa8 Qxa8 20. Bf1 Bxf1 21. Kxf1
Qa1 22. Qd3 Rc8 23. Bg5 Qa3 24. Bxe7 Qxe7 25. Ra1 h6 26. Kg2 Rb8 27. Qc3 Nf8
28. h4 Qb7 29. Rb1 Rc8 30. Qd2 Nd7 31. h5 Nb8 32. b4 Qb5 33. g4 Nd7 34. Ra1 Nf8
35. Ra7 Qb6 36. Re7 Nh7 37. Rd7 Rb8 38. g5 hxg5 39. Nxg5 Nxg5 40. Qxg5 Qxd4 41.
h6 Qe4+ 42. Kg3 Qg6 43. Qxg6 fxg6 44. Rxg7+ Kh8 45. Rxg6 1-0

[Event "I Festival A"]
[Site "Forni di Sopra ITA"]
[Date "2011.06.15"]
[Round "5"]
[White "Rotstein, Arkadij"]
[Black "Vojta, Tomas"]
[WhiteElo "2547"]
[BlackElo "2360"]
[Result "1-0"]
[PlyCount "95"]
[EventDate "2011.06.12"]

1. Nf3 Nc6 2. d4 d5 3. c4 Bg4 4. cxd5 Bxf3 5. gxf3 Qxd5 6. e3 e5 7. Nc3 Bb4 8.
Bd2 Bxc3 9. bxc3 Qd6 10. Rg1 g6 11. f4 exf4 12. e4 Nge7 13. Qf3 O-O-O 14. Qxf4
Qe6 15. Be3 Rhe8 16. Bb5 f5 17. d5 Nxd5 18. exd5 Qxd5 19. Bxc6 Qxc6 20. Kf1 Re4
21. Qf3 Rd3 22. Rg3 Qxc3 23. Rd1 Qc2 24. Rxd3 Qxd3+ 25. Kg2 Ra4 26. Bf4 Qxf3+
27. Rxf3 Rxa2 28. Rc3 c6 29. Rh3 Ra4 30. Be5 h5 31. Rd3 Re4 32. f4 a5 33. Rg3
b5 34. Rxg6 Kb7 35. Rg5 b4 36. Rxf5 Re2+ 37. Kf3 Rxh2 38. Rf8 Rh3+ 39. Ke4 Rh1
40. f5 Re1+ 41. Kf4 h4 42. f6 h3 43. Kf5 Rf1+ 44. Ke6 c5 45. f7 h2 46. Bxh2 a4
47. Rb8+ Kc6 48. f8=Q 1-0